000 nam a22 7a 4500
999 _c10237
_d10237
008 180213b ||||| |||| 00| 0 eng d
100 _aFarndon,J.
_96230
245 _aSuper Science Matters & Materials
260 _aNew Delhi
_bOM Kidz
_c2011